Loading...
Beliefs - Mythology | 0 | 3 | 0 | 0 | 30 | 73 | 85.67 | 1 | 3 |
History - World History | 1 | 1 | 0 | 0 | 25 | 36 | 89.50 | 0 | 1 |
Literature - British Lit | 0 | 3 | 1 | 1 | 25 | 91 | 95.33 | 1 | 3 |
Arts - Other Arts | 1 | 0 | 0 | 0 | 15 | 52 | 52.00 | 0 | 1 |
Literature - American Lit | 1 | 1 | 2 | 0 | 15 | 89 | 115.00 | 1 | 2 |
Literature - Euro Lit | 1 | 0 | 0 | 0 | 15 | 76 | 76.00 | 0 | 1 |
Other - Other Academic | 1 | 0 | 0 | 0 | 15 | 36 | 36.00 | 1 | 1 |
Arts - Painting | 0 | 1 | 0 | 0 | 10 | 112 | 112.00 | 0 | 0 |
Science - Physics | 0 | 1 | 0 | 0 | 10 | 96 | 96.00 | 0 | 0 |
Literature - World Lit | 1 | 0 | 1 | 0 | 10 | 76 | 76.00 | 1 | 1 |
Other - Geo/CE | 0 | 1 | 0 | 0 | 10 | 95 | 95.00 | 1 | 1 |
History - Euro History | 0 | 1 | 0 | 0 | 10 | 112 | 112.00 | 0 | 1 |
Beliefs - Religion | 0 | 1 | 0 | 0 | 10 | 107 | 107.00 | 0 | 1 |
Thought - Philosophy | 0 | 1 | 0 | 1 | 10 | 111 | 111.00 | 0 | 1 |